000 00236nam a2200097Ia 4500
008 170619s9999 xx 000 0 und d
100 _aChauhan- D S
245 0 _aNon- Conventional Energy sources
260 _bNew Delhi:New Age
260 _c2004
546 _aENGLISH
999 _c17329
_d17329